Slovmag výročná správa 2001

Salvato in:
Dettagli Bibliografici
Natura: Libro
Lingua:slovacco
russo
Pubblicazione: Revúca SLOVMAG, a.s. Lubeník [2002]
Soggetti:
Tags: Aggiungi Tag
Nessun Tag, puoi essere il primo ad aggiungerne!!

MARC

LEADER 00000nam$a2200000$$$4500
001 0004262
005 20240108123757.4
041 0 |a slo 
041 0 |a rus 
044 |a SK 
245 1 0 |a Slovmag  |b výročná správa 2001 
264 1 |a Revúca  |b SLOVMAG, a.s. Lubeník  |c [2002] 
300 |a 16 s. 
610 2 0 |a výroba materiálová 
610 2 0 |a výroba chemická 
610 2 0 |a magnezit 
610 2 0 |a ťažba surovín 
610 2 0 |a baníctvo 
610 2 0 |a politika personálna 
610 2 0 |a politika obchodná 
610 2 0 |a služby 
610 2 0 |a zákazníci 
610 2 0 |a politika environmentálna 
610 2 0 |a investície 
610 2 0 |a závierka účtovná 
610 2 0 |a výkazy finančné 
610 2 0 |a výkazy účtovné 
610 2 0 |a audit